Top 15 Covid-19 getroffen landen - 17 november 2021 - Statistieken

Algemene statistieken
  • Deze quiz is 6 keer genomen
  • De gemiddelde score is 14 van 28
Antwoordstatistieken
land % Correct
Duitsland
100%
Frankrijk
100%
India
100%
Verenigde Staten
100%
België
80%
Brazilië
80%
Italië
80%
Nederland
80%
Rusland
80%
Argentinië
60%
Mexico
60%
Spanje
60%
Zweden
60%
Colombia
40%
Indonesië
40%
Kroatië
40%
Slovenië
40%
Tsjechië
40%
Turkije
40%
Verenigd Koninkrijk
40%
Estland
20%
Letland
20%
Litouwen
20%
Servië
20%
Bahrein
0%
Georgië
0%
Iran
0%
Israël
0%
Geen overeenkomende quizzen gevonden
Scoreverdeling
Procent van Mensen met Elke Score
Percentiel versus Aantal Correcte Antwoorden
Uw Scoregeschiedenis
U heeft deze quiz nog niet genomen